书目信息 |
| 题名: |
跟我学查账与调账
|
|
| 作者: | 张蓓蓓 编著 | |
| 分册: | ||
| 出版信息: | 北京 中国致公出版社 2006 |
|
| 页数: | 18,418页 | |
| 开本: | 21cm | |
| 丛书名: | 中欧泰克财经书系 | |
| 单 册: | ||
| 中图分类: | F231.6 | |
| 科图分类: | ||
| 主题词: | 会计检查--基本知识 , 会计检查 | |
| 电子资源: | ||
| ISBN: | 978-7-80179-496-3 | |
| 000 | 01074oam2 2200313 450 | |
| 001 | 1157265869 | |
| 005 | 20111004155527.46 | |
| 010 | @a978-7-80179-496-3@dCNY28.00 | |
| 100 | @a20060210d2006 em y0chiy0110 ea | |
| 101 | 0 | @achi |
| 102 | @aCN@b110000 | |
| 105 | @ay z 000yy | |
| 200 | 1 | @a跟我学查账与调账@AGen Wo Xue Cha Zhang Yu Diao Zhang@f张蓓蓓编著@FZhang Bei Bei Bian Zhu |
| 210 | @a北京@c中国致公出版社@d2006 | |
| 215 | @a18,418页@d21cm | |
| 225 | 2 | @a中欧泰克财经书系 |
| 225 | 2 | @a跟我学会计丛书 |
| 300 | @a根据最新颁布的《企业会计准则》结合会计工作实际编写 | |
| 312 | @a封面英文题名:Auditing and adjusting | |
| 330 | @a本书包括:查帐基础知识;查帐工作技巧;审查会计程序的技巧、货币资金核算的查账技巧、应收和预付款项的审查技巧等十九章内容。 | |
| 461 | 0 | @12001 @a中欧泰克财经书系 |
| 461 | 0 | @12001 @a跟我学会计丛书 |
| 510 | 1 | @aAuditing & adjusting@zeng |
| 606 | 0 | @a会计检查@x基本知识 |
| 606 | 0 | @a会计检查 |
| 690 | @aF231.6@v4 | |
| 701 | 0 | @a张蓓蓓@AZhang Bei Bei@4编著 |
| 801 | 0 | @aCN@bNLC@c20101222 |
| 905 | @a10447@dF231.6@eJY115 | |
| 跟我学查账与调账/张蓓蓓编著.-北京:中国致公出版社,2006 |
| 18,418页;21cm.-(中欧泰克财经书系).-(跟我学会计丛书) |
| 根据最新颁布的《企业会计准则》结合会计工作实际编写 |
| ISBN 978-7-80179-496-3:CNY28.00 |
| 本书包括:查帐基础知识;查帐工作技巧;审查会计程序的技巧、货币资金核算的查账技巧、应收和预付款项的审查技巧等十九章内容。 |
| ● |
| 相关链接 |
|
|
|
|
正题名:跟我学查账与调账
索取号:F231.6/JY115
 
预约/预借
| 序号 | 登录号 | 条形码 | 馆藏地/架位号 | 状态 | 备注 |
| 1 | 7813777 | 278137776 | 学院路分馆/ [索取号:F231.6/JY115] | 在馆 | |
| 2 | 7813778 | 278137785 | 学院路分馆/ [索取号:F231.6/JY115] | 在馆 |